Statistics for Know your sharks

Click here to take the quiz!

General Stats

  • This quiz has been taken 54 times
  • The average score is 7 of 12

Answer Stats

HintAnswer% Correct
Deadliest sharkGreat white shark
100%
Biggest sharkWhale shark
96%
2nd biggest sharkBasking shark
80%
Huge prehistoric sharkMegalodon
76%
Long tailThresher shark
63%
WhiskerWobbegong
52%
Strangest sharkHammerhead shark
50%
Great migratorBlue shark
39%
Blade mouthSawshark
30%
Hide in sandAngel shark
28%
They prefer the shoreSand shark
24%
DogfishCatshark
17%

Score Distribution

Percentile by Number Answered

Percent of People with Each Score

Your Score History

You have not taken this quiz